Không – thời gian nghệ thuật trong trong tiểu thuyết Nghệ nhân và Margarita của Mikhail Bulgacov

Mikhail Bulgacov với tiểu thuyết Nghệ Nhân và Margarita. Đặc điểm của không gian và thời gian nghệ thuật trong tiểu thuyết Nghệ nhân và Margarita của Mikhail Bulgacov. Không – thời gian nghệ thuật trong mối quan hệ với các yếu tố cấu hình nên tác phẩm...

ver descrição completa

Na minha lista:
Detalhes bibliográficos
Autor principal: Trương Thị Liên
Outros Autores: Vũ Tường Linh (Hướng dẫn)
Formato: Livro
Idioma:Vietnamese
Publicado em: Đà Nẵng Đại học Sư phạm, Đại học Đà Nẵng 2013
Assuntos:
Tags: Adicionar Tag
Sem tags, seja o primeiro a adicionar uma tag!
Thư viện lưu trữ: Mạng thư viện Đại học Đà Nẵng
LEADER 01950nam a2200409 4500
001 000018935
003 15370
005 20140311110320.0
008 140221s2013 viesd
041 |a vie 
072 |a VH 
082 1 4 |a 891.734  |b TR-L 
100 1 |a Trương Thị Liên 
245 1 0 |a Không – thời gian nghệ thuật trong trong tiểu thuyết Nghệ nhân và Margarita của Mikhail Bulgacov  |c Trương Thị Liên ; Vũ Tường Linh hướng dẫn  |k Khóa luận tốt nghiệp 
260 |a Đà Nẵng  |b Đại học Sư phạm, Đại học Đà Nẵng  |c 2013 
300 |a 69 tr.  |c 29 cm. 
500 |a Khóa luận tốt nghiệp đại học. Chuyên ngành: Cử nhân Văn học 
520 |a Mikhail Bulgacov với tiểu thuyết Nghệ Nhân và Margarita. Đặc điểm của không gian và thời gian nghệ thuật trong tiểu thuyết Nghệ nhân và Margarita của Mikhail Bulgacov. Không – thời gian nghệ thuật trong mối quan hệ với các yếu tố cấu hình nên tác phẩm 
600 1 4 |a Bulgacov, Mikhail  |d 1891-1940  |t Nghệ nhân và Margarita 
650 0 4 |a Tiểu thuyết Nga  |v Khóa luận tốt nghiệp  |x Bulgacov, Mikhail 
653 |a Nghệ nhân và Margarita 
653 |a Tiểu thuyết Nga 
653 |a Khoa Ngữ văn 
653 |a Văn học Nga 
653 |a Không gian nghệ thuật 
653 |a Thời gian nghệ thuật 
700 1 |a Vũ Tường Linh  |e Hướng dẫn 
OWN |a LSP 
AVA |a UDN50  |b LSP  |d 891.734 TR-L  |e available  |t Error 5001 Not defined in file expand_doc_bib_avail.  |f 1  |g 0  |h N  |i 0  |k 1 
999 |a From the UDN01 
AVA |a UDN50  |b LSP  |d 891.734 TR-L  |e available  |t Error 5001 Not defined in file expand_doc_bib_avail.  |f 1  |g 0  |h N  |i 0  |k 1 
TYP |a Monograph 
TYP |a Printed language 
980 |a Mạng thư viện Đại học Đà Nẵng